01813agaaa2200289 45000010005000000030009000050050017000140070009000310080040000400400023000800410014001031000052001171300018001692450187001872500022003742600117003963000034005135080169005475110091007165200436008075380016012435460014012596500066012737000063013397000057014027000064014590584IT-RoPAU20220918181229.0d cvaizq50131s9999||||xx ||| | || ||und|| aIT-RoPAUcIT-RoPAU aITALIANO  aManfredonia GiuliogCodice regista SPICS: 60234 aSI PUO' FARE  aSI PUO' FARE cProdotto da: Rizzoli Angelo -- Sceneggiatura: Bonifacci Fabio Manfredonia Giulio -- Diretto da: Manfredonia GiuliopSI PUO' FARE (Rif. Codice opera principale : K0584) aEdizione Standard aITALIA (ITALIA )bRIZZOLI FILM / Distribuzione: MAGAZZINO DISP g"2008 (1° ed.: 2010 ; Ed. Lingua Orig.: 2008)" aDVDbsonoro, col.c107 minuti a"Fotografia: Forza Roberto ; Montaggio: Zanuso Cecilia ; Musica: De Scalzi Aldo; Sceneggiatura: Bonifacci Fabio Manfredonia Giulio ; Scenografia: Belluzzi Marco ; " a"Bisio Claudio; Caprioli Anita; Battiston Giuseppe; Bosca Andrea; Calcagno Giovanni; " aMILANO ANNI '80. NELLO SI TROVA A DIRIGERE UNA COOPERATIVA DI MALATI MENTALI, APPENA DIMESSI DAI MANICOMI. SI TRATTA DI UNA SPORCA DOZZINA INCAPACE A TUTTO MA NELLO SA SCOVARE I TALENTI NASCOSTI IN QUESTI SCARTI DELLA SOCIETA' E TRASCINARLI ALLA CONQUISTA DELLA LUCCICANTE MILANO BENE. UNA FAVOLA REALMENTE ACCADUTA CHE DIVERTE E COMMUOVE, LASCIANDO NEL CUORE UNA CONTAGIOSA VENTATA DI OTTIMISMO. MALATTIA MENTALE E RIABILITAZIONE. aPAL, STEREO aITALIANO  aDRAMMA - COMMEDIAeDVD-FILM [DVD]xCodice MATERIA SPICS: 9947 aBonifacci Fabio e(soggetto)gCodice Soggetto SPICS: 31755 aDe Scalzi Aldoe(musica)gCodice Musica SPICS: 28324 aManfredonia Giulio e(regista)gCodice regista SPICS: 60234